[Event "LSS OP-2009-0-00821"]
[Site "LSS email"]
[Date "2009.04.20"]
[Round "?"]
[White "Erkens, Tjeerd"]
[Black "Burns, Stephen F"]
[Result "1-0"]
[WhiteElo "1642"]
[BlackElo "2010"]
[PlyCount "49"]
[EventDate "2009.04.17"]
[EventType "tourn (corr)"]
[EventRounds "4"]
[EventCountry "GER"]
[SourceTitle "Corr 2011"]
[Source "ChessBase"]
[SourceDate "2010.08.31"]
[SourceVersion "1"]
[SourceVersionDate "2010.08.31"]
[SourceQuality "1"]

1. c4 Nf6 2. Nf3 g6 3. g3 Bg7 4. Bg2 0-0 5. 0-0 d6 6. Nc3 c6 7. Rb1 a6 8. d3 b5 9. Nd4 Qb6 10. Be3 c5 11. Ndxb5 Nc6 12. Na3 Bb7 13. Nc2 h5 14. b4 Qa7 15. bxc5 dxc5 16. Bxc5 Qxc5 17. Rxb7 Rab8 18. Qb1 Nd7 19. Ne4 Qa5 20. Rb3 h4 21. e3 hxg3 22. hxg3 Qc7 23. Nb4 Nxb4 24. Rxb4 Ne5 25. d4 1-0

[Event "LSS OP-2009-0-00821"]
[Site "LSS email"]
[Date "2009.04.20"]
[Round "?"]
[White "Erkens, Tjeerd"]
[Black "Schalkwijk, Peter H"]
[Result "0-1"]
[WhiteElo "1654"]
[BlackElo "1528"]
[PlyCount "70"]
[EventDate "2009.04.17"]
[EventType "tourn (corr)"]
[EventRounds "4"]
[EventCountry "GER"]
[SourceTitle "Corr 2011"]
[Source "ChessBase"]
[SourceDate "2010.08.31"]
[SourceVersion "1"]
[SourceVersionDate "2010.08.31"]
[SourceQuality "1"]

1. c4 e5 2. Nc3 Nc6 3. Nf3 f5 4. d4 e4 5. Ng5 Nf6 6. e3 h6 7. Nh3 g5 8. Ng1 Bg7 9. h4 g4 10. Nge2 d6 11. Nf4 Ne7 12. Be2 0-0 13. b4 c5 14. bxc5 dxc5 15. Bb2 cxd4 16. exd4 Ne8 17. d5 Qd6 18. Qd2 Be5 19. Nh5 a6 20. Rc1 b6 21. 0-0 Ra7 22. Rfd1 Rb7 23. Rb1 Ng7 24. Nxg7 Kxg7 25. Na4 Bxb2 26. Qxb2+ Rf6 27. Qd4 Qd8 28. Rb3 f4 29. Qxe4 Ng6 30. Bd3 f3 31. g3 Qc7 32. Nc3 Qc5 33. Qe1 Re7 34. Ne4 Qd4 35. Bf1 Rxe4 0-1

[Event "LSS SC-2008-0-00019"]
[Site "LSS email"]
[Date "2008.11.23"]
[Round "?"]
[White "Erkens, Tjeerd"]
[Black "Laureles, Raymundo"]
[Result "1-0"]
[WhiteElo "1643"]
[BlackElo "1459"]
[PlyCount "83"]
[EventDate "2008.11.01"]
[EventType "tourn (corr)"]
[EventRounds "6"]
[EventCountry "GER"]
[SourceTitle "Corr 2011"]
[Source "ChessBase"]
[SourceDate "2010.08.31"]
[SourceVersion "1"]
[SourceVersionDate "2010.08.31"]
[SourceQuality "1"]

1. c4 Nf6 2. Nf3 d5 3. b3 Bg4 4. Ne5 e6 5. Nxg4 Nxg4 6. Bb2 d4 7. e3 Ne5 8. Bxd4 Nbc6 9. Bxe5 Nxe5 10. d4 Nc6 11. Be2 Qg5 12. 0-0 0-0-0 13. Nd2 f5 14. a3 h5 15. b4 h4 16. h3 Qf6 17. Nf3 g5 18. b5 Ne7 19. Qa4 Kb8 20. b6 axb6 21. Ne5 Qg7 22. Nd7+ Kc8 23. c5 Nc6 24. Nxf8 Rhxf8 25. cxb6 cxb6 26. Rfc1 Qc7 27. Bf3 Kd7 28. Qb3 Ke7 29. Rab1 f4 30. Qxb6 Qxb6 31. Rxb6 Rb8 32. Rc5 Kf6 33. a4 Rfc8 34. a5 fxe3 35. fxe3 Nd8 36. Rxc8 Rxc8 37. Bxb7 Nxb7 38. Rxb7 Ra8 39. Rb5 Ra6 40. d5 e5 41. Rb6+ Rxb6 42. axb6 1-0

[Event "LSS SC-2008-0-00019"]
[Site "LSS email"]
[Date "2008.11.17"]
[Round "?"]
[White "Prata, Jorge"]
[Black "Erkens, Tjeerd"]
[Result "1-0"]
[WhiteElo "2028"]
[BlackElo "1628"]
[PlyCount "49"]
[EventDate "2008.11.01"]
[EventType "tourn (corr)"]
[EventRounds "6"]
[EventCountry "GER"]
[SourceTitle "Corr 2011"]
[Source "ChessBase"]
[SourceDate "2010.08.31"]
[SourceVersion "1"]
[SourceVersionDate "2010.08.31"]
[SourceQuality "1"]

1. e4 c5 2. Nf3 d6 3. d4 cxd4 4. Nxd4 Nf6 5. Nc3 a6 6. Bc4 e6 7. Bb3 Be7 8. Be3 0-0 9. f4 b5 10. e5 dxe5 11. fxe5 Nfd7 12. 0-0 Nxe5 13. Qh5 Nbc6 14. Nxc6 Nxc6 15. Rf3 g6 16. Qh6 f5 17. Rd1 Qe8 18. Nd5 Ne5 19. Rh3 Qf7 20. Nxe7+ Qxe7 21. Rd6 Nc4 22. Bxc4 bxc4 23. Bd4 Rb8 24. Rg3 Qf7 25. h4 1-0

[Event "LSS OP-2008-0-00653"]
[Site "LSS email"]
[Date "2008.10.10"]
[Round "?"]
[White "De Waele, Willy"]
[Black "Erkens, Tjeerd"]
[Result "1/2-1/2"]
[WhiteElo "1888"]
[BlackElo "1623"]
[PlyCount "57"]
[EventDate "2008.10.08"]
[EventType "tourn (corr)"]
[EventRounds "4"]
[EventCountry "GER"]
[SourceTitle "Corr 2013"]
[Source "ChessBase"]
[SourceDate "2012.11.12"]
[SourceVersion "1"]
[SourceVersionDate "2012.11.12"]
[SourceQuality "1"]

1. e4 c5 2. Nf3 d6 3. d4 cxd4 4. Nxd4 Nf6 5. Nc3 a6 6. Bg5 e6 7. f4 Be7 8. Qf3 Qc7 9. 0-0-0 Nbd7 10. g4 b5 11. Bxf6 Nxf6 12. g5 Nd7 13. f5 Nc5 14. f6 gxf6 15. gxf6 Bf8 16. Rg1 Bb7 17. a3 Qa5 18. Bh3 h5 19. Kb1 b4 20. axb4 Qxb4 21. Rge1 Rb8 22. b3 e5 23. Nd5 Bxd5 24. exd5 Na4 25. Qf5 Nc3+ 26. Kb2 Na4+ 27. Kb1 Nc3+ 28. Kb2 Na4+ 29. Kb1 1/2-1/2

[Event "LSS OP-2008-0-00653"]
[Site "LSS email"]
[Date "2008.10.10"]
[Round "?"]
[White "Erkens, Tjeerd"]
[Black "Gavrileteanu, Lucian"]
[Result "1-0"]
[WhiteElo "1643"]
[BlackElo "1837"]
[PlyCount "77"]
[EventDate "2008.10.08"]
[EventType "tourn (corr)"]
[EventRounds "4"]
[EventCountry "GER"]
[SourceTitle "Corr 2011"]
[Source "ChessBase"]
[SourceDate "2010.08.31"]
[SourceVersion "1"]
[SourceVersionDate "2010.08.31"]
[SourceQuality "1"]

1. c4 b6 2. Nf3 Nf6 3. g3 e6 4. Bg2 c6 5. 0-0 d5 6. d4 Be7 7. Nc3 Bb7 8. b3 Nbd7 9. Bb2 0-0 10. Qc2 Qb8 11. Rfd1 dxc4 12. bxc4 Qc7 13. Rac1 Rad8 14. e4 Ng4 15. h3 Nh6 16. e5 Nb8 17. Ne4 c5 18. Neg5 g6 19. dxc5 Bxc5 20. Ne4 Nd7 21. Rxd7 Rxd7 22. Nf6+ Kh8 23. Nxd7 Qxd7 24. Rd1 Qc7 25. Qd2 Nf5 26. Kh2 Bc6 27. Qe2 Kg8 28. g4 Bxf3 29. Bxf3 Nh4 30. Bh1 f6 31. f4 f5 32. g5 h6 33. gxh6 Qh7 34. Bc1 Qxh6 35. Rd7 Rf7 36. Rxf7 Kxf7 37. Qd3 g5 38. Qd7+ Be7 39. fxg5 1-0

[Event "LSS OP-2008-0-00653"]
[Site "LSS email"]
[Date "2008.10.10"]
[Round "?"]
[White "Erkens, Tjeerd"]
[Black "Raines, David T"]
[Result "1-0"]
[WhiteElo "1610"]
[BlackElo "1063"]
[PlyCount "39"]
[EventDate "2008.10.08"]
[EventType "tourn (corr)"]
[EventRounds "4"]
[EventCountry "GER"]
[SourceTitle "Corr 2013"]
[Source "ChessBase"]
[SourceDate "2012.11.12"]
[SourceVersion "1"]
[SourceVersionDate "2012.11.12"]
[SourceQuality "1"]

1. e4 c5 2. Nf3 Nc6 3. d4 cxd4 4. Nxd4 e6 5. Nc3 a6 6. Be2 Qc7 7. 0-0 Nf6 8. Be3 d6 9. f4 Be7 10. Qe1 Nxd4 11. Bxd4 e5 12. fxe5 dxe5 13. Qg3 0-0 14. Bxe5 Qb6+ 15. Kh1 Ne8 16. Nd5 Qd8 17. Rad1 Bd7 18. Nc7 f6 19. Bc4+ Kh8 20. Nxa8 1-0

[Event "LSS CP-2008-P-00060"]
[Site "LSS email"]
[Date "2008.10.01"]
[Round "?"]
[White "Erkens, Tjeerd"]
[Black "Kulczycki, Michael"]
[Result "0-1"]
[WhiteElo "1628"]
[BlackElo "1992"]
[PlyCount "84"]
[EventDate "2008.10.01"]
[EventType "tourn (corr)"]
[EventRounds "6"]
[EventCountry "GER"]
[SourceTitle "Corr 2011"]
[Source "ChessBase"]
[SourceDate "2010.08.31"]
[SourceVersion "1"]
[SourceVersionDate "2010.08.31"]
[SourceQuality "1"]

1. c4 Nf6 2. Nf3 g6 3. Nc3 Bg7 4. g3 0-0 5. Bg2 d6 6. 0-0 c5 7. d4 Nc6 8. d5 Na5 9. Nd2 Rb8 10. Qc2 a6 11. b3 b5 12. Bb2 bxc4 13. bxc4 Bh6 14. f4 e5 15. dxe6 Bxe6 16. Nd5 Rxb2 17. Qxb2 Bg7 18. Qc1 Ng4 19. Rb1 Bd4+ 20. Kh1 Ne3 21. Nxe3 Bxe3 22. Qc3 Bxd2 23. Qxd2 Nxc4 24. Qc3 d5 25. Rfc1 Re8 26. e4 dxe4 27. Bxe4 Bd5 28. Bxd5 Qxd5+ 29. Kg1 Nd2 30. Rb2 Nf3+ 31. Kf1 Nd4 32. Kf2 Qh5 33. Re1 Qxh2+ 34. Kf1 Qh1+ 35. Kf2 Rxe1 36. Rb8+ Kg7 37. Qxe1 Qh2+ 38. Kf1 Nf5 39. Rb3 Qxa2 40. Qe5+ Kh6 41. Rb2 Qa1+ 42. Kg2 Qa3 0-1

[Event "LSS CP-2008-P-00060"]
[Site "LSS email"]
[Date "2008.10.01"]
[Round "?"]
[White "Erkens, Tjeerd"]
[Black "Pintor, Manuel Abranches"]
[Result "0-1"]
[WhiteElo "1628"]
[BlackElo "2197"]
[PlyCount "54"]
[EventDate "2008.10.01"]
[EventType "tourn (corr)"]
[EventRounds "6"]
[EventCountry "GER"]
[SourceTitle "Corr 2011"]
[Source "ChessBase"]
[SourceDate "2010.08.31"]
[SourceVersion "1"]
[SourceVersionDate "2010.08.31"]
[SourceQuality "1"]

1. c4 e5 2. Nc3 d6 3. g3 g6 4. Bg2 Bg7 5. d3 f5 6. e4 Nf6 7. Nge2 fxe4 8. dxe4 0-0 9. 0-0 Be6 10. Nd5 Ne8 11. b3 Nd7 12. Qc2 c6 13. Ne3 a5 14. Nc3 Nc5 15. Bb2 Bh6 16. Qe2 Qd7 17. Rad1 Rd8 18. Ba3 b6 19. f3 Bg5 20. Bb2 Ng7 21. Rfe1 Qb7 22. Rd2 h5 23. Red1 Qe7 24. Qf2 h4 25. g4 Bc8 26. h3 Nge6 27. Nf5 gxf5 0-1

[Event "LSS SC-2008-0-00016"]
[Site "LSS email"]
[Date "2008.09.09"]
[Round "?"]
[White "Erkens, Tjeerd"]
[Black "Jostov, Keylah"]
[Result "1-0"]
[WhiteElo "1628"]
[BlackElo "1700"]
[PlyCount "59"]
[EventDate "2008.09.01"]
[EventType "tourn (corr)"]
[EventRounds "6"]
[EventCountry "GER"]
[SourceTitle "Corr 2011"]
[Source "ChessBase"]
[SourceDate "2010.08.31"]
[SourceVersion "1"]
[SourceVersionDate "2010.08.31"]
[SourceQuality "1"]

1. c4 c5 2. Nf3 Nf6 3. Nc3 Nc6 4. g3 g6 5. Bg2 Bg7 6. 0-0 0-0 7. d4 cxd4 8. Nxd4 Nxd4 9. Qxd4 d6 10. Qd3 a6 11. Rd1 Nd7 12. Qc2 Rb8 13. Be3 Ne5 14. c5 Ng4 15. Bf4 e5 16. Rxd6 Qe7 17. Nd5 Qe8 18. Bg5 f6 19. Bd2 Bf5 20. e4 Be6 21. Nc7 Qf7 22. Nxe6 f5 23. exf5 Qxf5 24. Qxf5 Rxf5 25. h3 Nxf2 26. Rf1 Bf8 27. Nxf8 Rbxf8 28. Bh6 Ne4 29. Bxf8 Nxd6 30. Bxd6 1-0

[Event "LSS OP-2008-0-00621"]
[Site "LSS email"]
[Date "2008.09.05"]
[Round "?"]
[White "Erkens, Tjeerd"]
[Black "Pech, Jaroslav Sr"]
[Result "1-0"]
[WhiteElo "1610"]
[BlackElo "1643"]
[PlyCount "43"]
[EventDate "2008.09.03"]
[EventType "tourn (corr)"]
[EventRounds "4"]
[EventCountry "GER"]
[SourceTitle "Corr 2013"]
[Source "ChessBase"]
[SourceDate "2012.11.12"]
[SourceVersion "1"]
[SourceVersionDate "2012.11.12"]
[SourceQuality "1"]

1. c4 e5 2. Nc3 Nc6 3. Nf3 f5 4. d4 e4 5. Ng5 h6 6. Nh3 g5 7. Ng1 Bg7 8. e3 Nf6 9. h4 g4 10. Nge2 Nh5 11. Nd5 d6 12. Nef4 Nxf4 13. Nxf4 0-0 14. Qb3 a5 15. c5+ Kh7 16. cxd6 Qxd6 17. Bd2 a4 18. Qc4 Bd7 19. Rc1 Ra6 20. Qc5 Rb6 21. Qxd6 cxd6 22. b3 1-0

[Event "CFriend AT-2004-0-00153 email"]
[Site "Chessfriend.com"]
[Date "2004.10.07"]
[Round "1"]
[White "Erkens, Tjeerd"]
[Black "Rattay, Walter"]
[Result "1/2-1/2"]
[WhiteElo "1631"]
[BlackElo "1751"]
[PlyCount "76"]
[EventDate "2004.??.??"]
[EventType "tourn (corr)"]
[EventRounds "2"]
[SourceTitle "Corr 2024"]
[Source "ChessBase"]
[SourceDate "2023.10.19"]
[SourceVersion "1"]
[SourceVersionDate "2023.10.19"]
[SourceQuality "1"]

1. e4 c6 2. d4 d5 3. Nc3 dxe4 4. Nxe4 Nd7 5. Bc4 Ngf6 6. Ng5 e6 7. Qe2 Nb6 8. Bd3 h6 9. N5f3 c5 10. dxc5 Bxc5 11. Ne5 Nbd7 12. Ngf3 Qc7 13. 0-0 0-0 14. Bf4 Nh5 15. Bd2 Nhf6 16. Rad1 Nxe5 17. Nxe5 Rd8 18. Bf4 b6 19. Bg3 Bd6 20. Rfe1 Bb7 21. c3 Rac8 22. Bb1 Bd5 23. Rd4 Qb7 24. Bd3 Qe7 25. Ba6 Bc5 26. Bxc8 Bxd4 27. Bxe6 Bxf2+ 28. Bxf2 Qxe6 29. Bd4 Bxa2 30. Qa6 Ra8 31. Nf3 Bc4 32. Rxe6 Bxa6 33. Re1 Nd5 34. Kf2 f6 35. b3 Bb7 36. Nh4 Rd8 37. Nf5 Rd7 38. Ra1 a6 1/2-1/2

[Event "CFriend SI-2004-0-00023 email"]
[Site "Chessfriend.com"]
[Date "2004.07.27"]
[Round "1"]
[White "Grinwis, Jaap"]
[Black "Erkens, Tjeerd"]
[Result "1-0"]
[WhiteElo "1977"]
[BlackElo "1631"]
[PlyCount "99"]
[EventDate "2004.??.??"]
[EventType "tourn (corr)"]
[EventRounds "8"]
[SourceTitle "Corr 2008"]
[Source "ChessBase"]
[SourceDate "2008.06.24"]
[SourceVersion "1"]
[SourceVersionDate "2008.06.24"]
[SourceQuality "1"]

1. e4 c5 2. Nf3 Nc6 3. d4 cxd4 4. Nxd4 Nf6 5. Nc3 e5 6. Ndb5 d6 7. Bg5 a6 8. Na3 b5 9. Bxf6 gxf6 10. Nd5 f5 11. Bd3 Be6 12. c3 Bg7 13. Qh5 0-0 14. 0-0 f4 15. Rfd1 Rb8 16. Nc2 Qd7 17. h3 f5 18. Ncb4 Nxb4 19. Nxb4 a5 20. exf5 Bf7 21. Qh4 axb4 22. f6 Bg6 23. fxg7 Qxg7 24. Bxg6 Qxg6 25. cxb4 Kh8 26. Qg4 Qe4 27. Qh4 Rbd8 28. a3 Qb7 29. Qh6 Qe7 30. Rd5 Rf6 31. Qh5 Rg8 32. Kh2 Rfg6 33. Rg1 Qb7 34. Qd1 Qb6 35. Qe2 Rb8 36. g4 fxg3+ 37. fxg3 Rf6 38. Rf1 Rxf1 39. Qxf1 Kg7 40. Qe2 Rf8 41. Rxb5 Qf2+ 42. Qxf2 Rxf2+ 43. Kg1 Rxb2 44. a4 Kf6 45. a5 Ra2 46. g4 Ke6 47. Rb6 e4 48. a6 Ke5 49. Rb5+ Kf4 50. Ra5 1-0

[Event "CFriend SI-2004-0-00016 email"]
[Site "Chessfriend.com"]
[Date "2004.01.28"]
[Round "1"]
[White "Kurpnieks, Vairis"]
[Black "Erkens, Tjeerd"]
[Result "1-0"]
[WhiteElo "2075"]
[BlackElo "1631"]
[PlyCount "77"]
[EventDate "2004.01.28"]
[EventType "tourn (corr)"]
[EventRounds "12"]
[SourceTitle "Corr 2008"]
[Source "ChessBase"]
[SourceDate "2008.06.24"]
[SourceVersion "1"]
[SourceVersionDate "2008.06.24"]
[SourceQuality "1"]

1. c4 Nf6 2. Nc3 g6 3. g3 Bg7 4. Bg2 0-0 5. Nf3 c5 6. d3 d5 7. cxd5 Nxd5 8. Bd2 Nc6 9. h4 h5 10. Rc1 Bg4 11. 0-0 Nxc3 12. bxc3 Qc7 13. Ng5 Rad8 14. Ne4 b6 15. Re1 Rd7 16. Qa4 Nb8 17. Bf4 e5 18. Be3 Kh8 19. Rcd1 a6 20. Qb3 f5 21. f3 fxe4 22. fxg4 exd3 23. exd3 hxg4 24. Qe6 Rd6 25. Qxg4 Qd7 26. Qe4 Nc6 27. Bg5 Ne7 28. Rf1 Rf5 29. Qa8+ Kh7 30. Bxe7 Qxe7 31. Qxa6 Qd7 32. Be4 Rxf1+ 33. Rxf1 b5 34. Qa8 Qg4 35. Kg2 c4 36. Qb7 Rxd3 37. Bxd3 cxd3 38. Qf3 Qc4 39. h5 1-0

[Event "CFriend SI-2004-0-00016 email"]
[Site "Chessfriend.com"]
[Date "2004.01.28"]
[Round "?"]
[White "Lukin, Andrey"]
[Black "Erkens, Tjeerd"]
[Result "0-1"]
[WhiteElo "1986"]
[BlackElo "1633"]
[PlyCount "36"]
[EventDate "2004.01.28"]
[EventType "tourn (corr)"]
[EventRounds "12"]
[SourceTitle "Corr 2008"]
[Source "ChessBase"]
[SourceDate "2008.06.24"]
[SourceVersion "1"]
[SourceVersionDate "2008.06.24"]
[SourceQuality "1"]

1. e4 c5 2. Nf3 Nc6 3. d4 cxd4 4. Nxd4 Nf6 5. Nc3 e5 6. Ndb5 d6 7. Nd5 Nxd5 8. exd5 Nb8 9. c4 a6 10. Qa4 Nd7 11. c5 Rb8 12. Nxd6+ Bxd6 13. cxd6 0-0 14. Bd3 Nf6 15. Bg5 Qxd6 16. Qh4 Qxd5 17. Bc2 Qc6 18. Rc1 e4 0-1

[Event "CFriend SI-2003-0-00011 email"]
[Site "Chessfriend.com"]
[Date "2003.08.05"]
[Round "?"]
[White "Erkens, Tjeerd"]
[Black "Heesen, Jos HW"]
[Result "0-1"]
[WhiteElo "1624"]
[BlackElo "1935"]
[PlyCount "68"]
[EventDate "2003.08.05"]
[EventType "tourn (corr)"]
[EventRounds "12"]
[SourceTitle "Corr 2008"]
[Source "ChessBase"]
[SourceDate "2008.06.24"]
[SourceVersion "1"]
[SourceVersionDate "2008.06.24"]
[SourceQuality "1"]

1. c4 b6 2. Nf3 f5 3. Nc3 e6 4. g3 Bb7 5. Bg2 Nf6 6. 0-0 Be7 7. b3 0-0 8. Bb2 c5 9. d4 Ne4 10. Qc2 d5 11. cxd5 exd5 12. Rfd1 Na6 13. a3 Rc8 14. Rac1 cxd4 15. Nxd4 Nxc3 16. Bxc3 Bxa3 17. Ne6 Qe7 18. Nxf8 Bxc1 19. Qxc1 Qxf8 20. Bxd5+ Bxd5 21. Rxd5 Nb4 22. Rd2 Qf6 23. Rc2 Qc6 24. Qg5 Qg6 25. Bxb4 Qxg5 26. Rxc8+ Kf7 27. Rc7+ Ke6 28. Rxa7 Qc1+ 29. Kg2 Qc6+ 30. Kg1 Qb5 31. Bf8 Qxb3 32. Rxg7 Qa4 33. h4 Qa8 34. Bb4 Qa1+ 0-1

[Event "CFriend SI-2003-0-00011 email"]
[Site "Chessfriend.com"]
[Date "2003.08.05"]
[Round "?"]
[White "Valdez Aguero, Daniel"]
[Black "Erkens, Tjeerd"]
[Result "0-1"]
[WhiteElo "1803"]
[BlackElo "1624"]
[PlyCount "58"]
[EventDate "2003.08.05"]
[EventType "tourn (corr)"]
[EventRounds "12"]
[SourceTitle "Corr 2008"]
[Source "ChessBase"]
[SourceDate "2008.06.24"]
[SourceVersion "1"]
[SourceVersionDate "2008.06.24"]
[SourceQuality "1"]

1. d4 Nf6 2. c4 g6 3. Nc3 d5 4. cxd5 Nxd5 5. e4 Nxc3 6. bxc3 Bg7 7. Bc4 c5 8. Ne2 0-0 9. Be3 Nc6 10. 0-0 Bg4 11. f3 Na5 12. Bxf7+ Rxf7 13. fxg4 Rxf1+ 14. Kxf1 cxd4 15. cxd4 e5 16. Kg1 b5 17. d5 Nc4 18. Bf2 Nd6 19. Qd3 a6 20. h4 Rc8 21. g5 Qd7 22. Rc1 Rxc1+ 23. Nxc1 Qg4 24. Bc5 Nxe4 25. Bb4 Nxg5 26. hxg5 Qxb4 27. d6 Qc5+ 28. Kh2 e4 29. d7 Qc7+ 0-1

[Event "CFriend SI-2003-0-00009 email"]
[Site "Chessfriend.com"]
[Date "2003.06.25"]
[Round "?"]
[White "Ojeda, Jose Luis"]
[Black "Erkens, Tjeerd"]
[Result "1-0"]
[WhiteElo "1892"]
[BlackElo "1624"]
[PlyCount "51"]
[EventDate "2003.06.25"]
[EventType "tourn (corr)"]
[EventRounds "10"]
[SourceTitle "Corr 2008"]
[Source "ChessBase"]
[SourceDate "2008.06.24"]
[SourceVersion "1"]
[SourceVersionDate "2008.06.24"]
[SourceQuality "1"]

1. d4 Nf6 2. c4 g6 3. Nc3 d5 4. Bf4 Bg7 5. e3 c5 6. dxc5 Qa5 7. Rc1 dxc4 8. Bxc4 0-0 9. Nf3 Qxc5 10. Bb3 Qa5 11. 0-0 Nc6 12. h3 Bf5 13. Qe2 Ne4 14. Nd5 e5 15. Bh2 Nc5 16. Bc4 e4 17. Nd4 Nxd4 18. exd4 Nd3 19. Rc2 Bxd4 20. g4 Bxf2+ 21. Rxf2 Nxf2 22. gxf5 Nxh3+ 23. Kg2 Ng5 24. b4 Qa3 25. Rc3 Qa4 26. Bb5 1-0

[Event "CFriend SI-2003-0-00007 email"]
[Site "Chessfriend.com"]
[Date "2003.04.30"]
[Round "?"]
[White "Erkens, Tjeerd"]
[Black "Kurpnieks, Vairis"]
[Result "0-1"]
[WhiteElo "1624"]
[BlackElo "1768"]
[PlyCount "78"]
[EventDate "2003.04.30"]
[EventType "tourn (corr)"]
[EventRounds "12"]
[SourceTitle "Corr 2008"]
[Source "ChessBase"]
[SourceDate "2008.06.24"]
[SourceVersion "1"]
[SourceVersionDate "2008.06.24"]
[SourceQuality "1"]

1. Nf3 c5 2. c4 Nc6 3. d4 cxd4 4. Nxd4 e5 5. Nb5 d6 6. N1c3 a6 7. Na3 Be7 8. g3 f5 9. Bg2 Nf6 10. 0-0 0-0 11. Nc2 Be6 12. Ne3 Rc8 13. Ned5 e4 14. Bf4 Ne5 15. b3 b5 16. Nxe7+ Qxe7 17. Nd5 Bxd5 18. cxd5 Rc5 19. b4 Rxd5 20. Qb3 Nc4 21. a4 Qf7 22. axb5 axb5 23. Ra6 Nd2 24. Bxd2 Rxd2 25. Qxf7+ Kxf7 26. Rb6 Rxe2 27. Rxb5 Ke6 28. Rc1 Rb2 29. Bf1 d5 30. Rb7 g5 31. b5 f4 32. Rc6+ Ke5 33. Re7+ Kd4 34. Rc1 e3 35. fxe3+ fxe3 36. Re1 Ng4 37. Be2 Nxh2 38. Kxh2 Rf2+ 39. Kg1 Rfxe2 0-1